| 000 | 00612nam a2200205 a 4500 | ||
|---|---|---|---|
| 001 | 1643 | ||
| 003 | CDMR | ||
| 005 | 20130610135128.0 | ||
| 008 | 130130s1997||||||||||||||||||||||||||||d | ||
| 020 | _a8488363958 | ||
| 040 |
_aCDMR _bcat _cCPC LLEIDA |
||
| 100 | 1 |
_aFernández Areal, Manuel _9421 |
|
| 245 | 1 | 0 |
_aInformación y mentira _cManuel Fernández Areal |
| 260 |
_aPontevedra _c1997 _bDiputación de Pontevedra |
||
| 300 | _a133 p. | ||
| 650 | 0 | 4 |
_9980 _aComunicació _xAspectes ètics i morals |
| 650 | 0 | 4 |
_9166 _aPublicitat _xAspectes ètics i morals |
| 650 | 0 | 4 |
_9983 _aÈtica periodística |
| 942 |
_cMON _2udc |
||
| 999 |
_c1643 _d1643 |
||